[Event "City of Adelaide"]
[Site "Adelaide"]
[Date "1998.07.29"]
[Round "2.1"]
[White "Phan-Koshnitsky, Ngan"]
[Black "Hunter, Daniel M"]
[Result "1/2-1/2"]
[WhiteElo "2000"]
[BlackElo "1633"]
[Annotator "Fritz 5.00 - Anderson-Smith,W"]
[PlyCount "105"]
[EventDate "1998.07.22"]
[EventType "swiss"]
[EventRounds "9"]
[EventCountry "AUS"]

1. d4 d5 2. Nf3 Nc6 {Chigorin's Defence} 3. c4 Nf6 (3... e6 4. Nc3 Bb4 5. a3
Bxc3+ 6. bxc3 Nf6 7. Bg5 b6 8. cxd5 exd5 9. e3 Bb7 10. Bb5 a6 11. Bxc6+ Bxc6
12. Bxf6 Qxf6 13. Ne5 O-O 14. O-O Rfd8 15. Nxc6 Qxc6 16. Qb3 Rd6 17. Rfc1 Rg6
18. g3 {Meiler,J-Gimmerthal,I/DVM U15w 1996/1-0 (57)}) (3... Bg4 4. Nc3 e6 5.
e3 Nf6 6. h3 Bxf3 7. Qxf3 Bb4 8. Bd3 O-O 9. cxd5 exd5 10. O-O Re8 11. Bd2 a6
12. Rac1 Ne7 13. Qd1 Bxc3 14. Bxc3 c6 15. Be1 Ng6 16. Rc2 Qd7 17. Re2 Ne4 18.
f3 Nd6 19. Qc2 Re7 20. Bg3 Rae8 21. Rfe1 Nf8 22. Kh1 g6 23. a4 f5 24. Qc5 Nf7
25. Qb6 g5 26. Qb3 Ng6 27. Qc2 Nh6 28. Bh2 Rg7 29. e4 dxe4 30. fxe4 f4 31. e5
f3 32. Qb3+ Kh8 33. e6 fxg2+ 34. Rxg2 Qe7 35. Bxg6 Rxg6 36. d5 cxd5 37. Qxd5
Rxe6 38. Rxe6 Qxe6 39. Qd4+ {1-0 Oll,L-Boey,J/Antwerpen op 1994/TD 94\02}) 4.
cxd5 Qxd5 5. Nc3 Qd8 6. d5 $146 (6. e4 e6 7. e5 Nh5 8. Be3 g6 9. Bb5 Qd7 10.
Ne4 b6 11. g4 f5 12. exf6 Bb7 13. Ne5 Qd5 14. f7+ Ke7 15. Bg5+ {
1-0 Hugbo,O-Benoiton,N/Manila olw 1992/TD 92\07}) 6... Nb8 7. e4 e6 8. Qa4+ c6
{Secures b5} 9. dxc6 Nxc6 10. Bc4 $11 (10. Bg5 Qb6 11. Bb5 Bd7 $14) 10... Bd7
11. Qc2 Rc8 12. Qe2 Nb4 (12... Bb4 13. O-O $11) 13. O-O Qc7 14. Bb3 Bc6 15. a3
Na6 16. Bg5 Nc5 {Pawn e4, live or die!} 17. Bc2 Bd6 $16 (17... Be7 18. b4 Ncd7
19. Rac1 $11) 18. Rac1 $14 (18. b4 Be5 19. Nxe5 Qxe5 20. Bxf6 gxf6 $16 (20...
Qxf6 21. Nb5 (21. bxc5 {is clearly weaker} Qxc3 22. Rfc1 Qxc5 $15) 21... Bxb5
22. Qxb5+ Nd7 23. Ba4 $18)) 18... Bf4 19. Bxf4 $11 (19. b4 Bxc1 20. Rxc1 Na6
$16) 19... Qxf4 {e4 becomes the focus of attention. Black launches an attack}
20. b4 $15 (20. Nb5 Rd8 21. Nxa7 Bxe4 22. Bxe4 Ncxe4 23. Qb5+ Nd7 24. Qxb7 $18)
20... Ncxe4 21. Nxe4 Bxe4 22. Ba4+ Ke7 23. Rcd1 $19 (23. Nd2 $5 $17) 23... Ng4
$17 (23... Bxf3 $142 $5 24. gxf3 Rc3 $19) 24. Qd2 (24. Rd7+ Kf8 25. Rfd1 g6 $15
) 24... Qxd2 25. Rxd2 Rhd8 26. Nd4 $19 (26. Rxd8 Rxd8 27. Ng5 Bd3 $17) 26...
Bd5 $17 (26... Ne5 27. Rfd1 $19) 27. Re1 Rc3 (27... Nf6 28. Nf5+ Kf8 29. Nd4
$17) 28. Nb5 Rcc8 $11 (28... Rc6 $5 $17) 29. f3 $17 {Consolidates e4} (29. Nd4
Nf6 30. Nf5+ Kf8 31. Nd4 $17) 29... Nh6 30. Nd4 a6 31. Re3 Kf6 32. Ne2 Bc4 33.
Rxd8 Rxd8 34. Ng3 Ke7 35. Bb3 (35. Bc2 b5 $17) 35... Rd3 (35... Bxb3 36. Rxb3
Rd1+ 37. Kf2 Rd2+ 38. Kf1 $17) 36. Rxd3 Bxd3 37. Kf2 Nf5 38. Nxf5+ Bxf5 39. Ke3
Kd6 40. f4 Kc6 41. Ba4+ Kd6 $11 (41... Kd5 $142 $5 $17) 42. Bd1 $17 (42. Bb3 b6
43. a4 $17) 42... b6 43. Be2 a5 44. Kd4 axb4 45. axb4 f6 46. Bf3 e5+ 47. fxe5+
fxe5+ 48. Ke3 Be6 49. Be4 g6 50. g3 Bd5 51. Bc2 Bh1 52. Bb3 Bd5 $11 (52... g5
$142 $5 $17) 53. Bc2 1/2-1/2

[Event "City of Adelaide"]
[Site "Adelaide"]
[Date "1998.07.29"]
[Round "2.2"]
[White "Sheldrick, Kevin"]
[Black "Cowley, Robert G"]
[Result "1-0"]
[WhiteElo "1801"]
[BlackElo "1995"]
[Annotator "Fritz 5.00 - Anderson-Smith,W"]
[PlyCount "87"]
[EventDate "1998.07.22"]
[EventType "swiss"]
[EventRounds "9"]
[EventCountry "AUS"]

1. e4 c6 2. Nc3 d5 3. Nf3 {Caro-Kann Defence, Two Knights' Variation} Bg4 4. h3
Bxf3 5. Qxf3 Nf6 6. d3 e6 7. Bd2 Nbd7 (7... Be7 8. g4 Na6 9. g5 Nd7 10. h4 Nb4
11. Qd1 Qb6 12. Bh3 dxe4 13. dxe4 O-O-O 14. a3 Na6 15. Bc1 h6 16. Qf3 hxg5 17.
hxg5 Nc7 18. Qg3 Nb5 19. Be3 Nc5 20. g6 Nxc3 21. bxc3 Qb2 22. O-O Qxc3 23. gxf7
Qf6 24. f3 Qxf7 25. Rad1 b6 26. Bg4 Kb7 27. Qe5 Bf6 28. Qg3 Na4 29. Rd6 Nc3 30.
Kg2 Ne2 31. Rxd8 Nxg3 32. Rxh8 Nxf1 33. Kxf1 Qe7 34. Ke2 Bg5 35. f4 Bh6 36. e5
Qf7 37. Kf3 Bxf4 38. Bxe6 Qxe6 39. Bxf4 g5 40. Bg3 Qf5+ 41. Ke3 Qxc2 42. Rd8
Qg2 43. Be1 g4 44. Rd7+ Ka6 45. Rd3 g3 46. e6 Qh3 {
0-1 Tate,E-Epishin,V/New York op 1993/TD 93\03}) 8. g4 h6 $146 {Covers g5} (
8... g6 9. Qg2 (9. Bg2 Bd6 10. exd5 cxd5 11. Qe2 Qb6 12. g5 d4 13. gxf6 dxc3
14. Bxc3 Bb4 15. Bxb4 Qxb4+ 16. c3 Qb6 17. O-O-O Nxf6 18. Qe5 Ke7 19. d4 Rhd8
20. d5 Rd6 21. dxe6 Rxe6 22. Qd4 Qxd4 23. Rxd4 Rb8 {
Mednis,E-Larsen,B/Riga izt 1979/IZT/0-1 (39)}) 9... Bd6 10. f4 d4 11. Ne2 e5
12. fxe5 Bxe5 13. g5 Nh5 14. O-O-O O-O 15. h4 f5 16. exf5 Rxf5 17. Qg1 Nc5 18.
Bh3 Rf8 19. Kb1 Qd6 20. Bg4 Rf7 21. Bb4 Kh8 22. c3 Nf4 23. cxd4 Nxe2 24. dxe5 {
1-0 Van der Wiel,J-Van Mil,J/NLD-ch 1991/[Blatny,P]}) (8... d4 9. Ne2 Qb6 10.
Rb1 Bd6 11. Ng3 Ne5 12. Qd1 Ng6 13. Ne2 Nh4 14. f4 Nf3+ 15. Kf2 Nxd2 16. Qxd2
e5 17. f5 Nxe4+ 18. dxe4 d3+ 19. Kf3 dxe2 20. Qxd6 exf1=Q+ 21. Rhxf1 Qd4 22.
Qxd4 exd4 23. Rfd1 O-O-O 24. b4 Rhe8 25. Rb3 Rd7 26. Rbd3 Red8 27. e5 Re8 28.
Kf4 Rd5 29. Re1 Kc7 30. Re4 Red8 31. f6 g6 32. e6 g5+ 33. Kf3 fxe6 34. Rxe6
R8d7 35. Ke4 Kd8 36. Re5 h6 37. Rxd5 Rxd5 38. Rxd4 Rxd4+ 39. Kxd4 Ke8 40. Ke5
Kf8 41. c4 {1-0 Stankovic,M-Lazic,M/JUG-chT (Cetinje) 1993/TD 93\08}) 9. Qg3 d4
10. Ne2 e5 11. Bg2 Qb6 12. O-O-O Bd6 13. f4 {White undermines the pawn chain}
O-O-O 14. c3 $15 {Prevents intrusion on b4} (14. Qf2 $5 $11 {
must definitely be considered}) 14... c5 $11 (14... dxc3 $5 15. Nxc3 Nc5 $15)
15. Kb1 Kb8 16. cxd4 cxd4 ({Instead of} 16... exd4 17. e5 Rde8 18. Rde1 Nxe5
19. fxe5 Bxe5 20. Qf3 $16) 17. fxe5 Bxe5 {A sound move.} 18. Bf4 Qd6 19. Qf2
Rhe8 $14 (19... Bxf4 $5 {might be a viable alternative} 20. Nxf4 Nc5 $11) 20.
Rhf1 $11 (20. Nxd4 $5 Bxf4 21. Nb5 $14) 20... Bxf4 21. Nxf4 Nb6 $14 (21... Ne5
22. Ne2 $11) 22. Ne2 Re7 23. Ng3 {White gets in control} Nfd7 $4 $18 (23... Rc7
$142 $14 {would save the game}) 24. Nf5 Qe5 25. Nxe7 Qxe7 26. Qxf7 Qb4 (26...
Re8 {doesn't change anything anymore} 27. Rf5 $18) 27. Qf4+ (27. a3 $5 {
might be the shorter path} Qf8 $18) 27... Ka8 28. Qd2 Qxd2 29. Rxd2 Ne5 30. Rf5
Nbd7 31. Bf1 Kb8 32. Rg2 g6 33. Rff2 g5 34. Rf5 Ng6 35. Rf7 (35. Rc2 {
seems even better} Nge5 $18) 35... Nf4 (35... Nde5 36. Rf6 $18) 36. Rc2 Ne5 37.
Rh7 Nexd3 (37... Rc8 $18 {no good, but what else?}) 38. Bxd3 (38. Rcc7 $5 {
makes it even easier for White} a5 39. Rxb7+ Ka8 $18) 38... Nxd3 39. Rcc7 ({
Less advisable is} 39. Rxh6 b6 $18) 39... Ne5 (39... Ka8 {
is not the saving move} 40. Rxb7 Nc5 41. Rxa7+ Kb8 42. Rae7 $18) 40. Rxb7+ Ka8
41. Rxa7+ Kb8 42. Rhb7+ Kc8 43. Ra8+ (43. Rc7+ $142 {ends the debate} Kb8 44.
Rab7+ Ka8 45. Rb3 $18) 43... Kxb7 44. Rxd8 (44. Rxd8 Nf3 45. Kc2 $18) 1-0

[Event "City of Adelaide"]
[Site "Adelaide"]
[Date "1998.07.29"]
[Round "2.3"]
[White "Tanti, Joseph G"]
[Black "Errington, Luke"]
[Result "0-1"]
[WhiteElo "1750"]
[BlackElo "1461"]
[Annotator "Fritz 5.00 - Anderson-Smith,W"]
[PlyCount "58"]
[EventDate "1998.07.22"]
[EventType "swiss"]
[EventRounds "9"]
[EventCountry "AUS"]

1. Nf3 f5 {The "Dutch" Reti Opening} 2. e4 d6 (2... fxe4 3. Ng5 d5 4. d3 e3 (
4... Qd6 5. dxe4 h6 6. Qh5+ g6 7. Qh4 c6 8. Bd3 Bg7 9. Nf3 g5 10. Qh5+ Kf8 11.
O-O Nd7 $13 {Lautier,J-Bareev,E/Biel 1991}) 5. Bxe3 (5. fxe3 e5 6. e4 Nf6 7.
Qe2 Bc5 8. Nc3 O-O 9. Bd2 Bg4 10. Nf3 Nc6 11. h3 Nd4 12. Qd1 Bxf3 13. gxf3 Nxe4
{0-1 Herrera,A-Del Rio,S/Linares op 1995/EXP 45}) 5... e5 6. d4 exd4 7. Qxd4
Nc6 8. Qh4 Bf5 9. Bb5 Be7 10. O-O Nf6 11. Nc3 O-O 12. Rad1 h6 13. Nxd5 Nxd5 14.
Rxd5 Qe8 15. Bc4 Kh8 16. Qg3 Qg6 17. Rxf5 Qxf5 18. Ne6 Rf7 19. Nf4 Bd6 20. Bxf7
Qxf7 21. Qg6 Qxa2 22. Ne6 Bf8 23. b3 Qb2 24. Rd1 Rc8 25. h3 Qf6 26. Qxf6 gxf6
27. Nxf8 Rxf8 28. Rd7 Kg8 29. Rxc7 Rf7 30. Rxf7 Kxf7 31. Bxh6 Nd4 32. Be3 Nxc2
33. Bxa7 Na1 34. b4 Nc2 35. Bc5 b6 36. Bxb6 Nxb4 37. Kf1 Nd5 38. Bd4 Kg6 39.
Ke2 f5 40. Be5 Kf7 41. g4 Ke6 42. Bb8 Kf6 43. Kf3 Kg5 44. Be5 Ne7 45. Kg3 {
1-0 Rohde,M-Palatnik,S/Philadelphia opI 1992/TD 92\05}) 3. Nh4 $146 (3. Nc3 e5
(3... Nf6 4. e5 dxe5 5. Nxe5 Nbd7 6. Qe2 Nxe5 7. Qxe5 Qd6 8. d4 Bd7 9. Bf4
O-O-O 10. f3 Nh5 11. Bd2 Qxe5+ 12. dxe5 f4 13. Bd3 e6 14. O-O-O Bc5 15. Rde1
Bd4 16. Ne4 Rhf8 17. Bc3 Bxc3 18. bxc3 g6 19. Bc4 {
1/2-1/2 Brauner,R-Lutz,K/Hessen-ch qual-C 1988/GER 02}) 4. d4 fxe4 5. Ng5 Nc6
6. Bc4 Nh6 7. Ngxe4 Nf5 8. dxe5 Nxe5 9. Bb3 c6 10. O-O Be7 11. Re1 Nh4 12. Qh5+
g6 13. Nxd6+ Bxd6 14. Rxe5+ Kd7 15. Qd1 Kc7 16. Bf4 Nf5 17. Ne4 Bxe5 {
Habibi,A-Fischer,T/Dortmund op 1988/TD 88\03/1-0 (42)}) (3. Bc4 Nf6 4. d3 c6 5.
O-O g6 6. Nc3 Bg7 7. e5 dxe5 8. Nxe5 e6 9. Bg5 O-O 10. Re1 h6 11. Bd2 Kh7 12.
Qe2 Nd5 13. Nd1 Nd7 14. d4 Qb6 15. c3 N7f6 16. Bd3 Qc7 17. c4 Ne7 18. Bc3 Neg8
19. Ne3 Nh5 20. g3 Bxe5 21. dxe5 c5 22. Ng2 b6 23. g4 fxg4 24. Qxg4 Qf7 25.
Qxh5 Bb7 26. Rf1 Kg7 27. Qh3 Ne7 28. Rae1 Nf5 29. Be4 Bxe4 30. Rxe4 Rad8 31.
Ne3 Nxe3 32. Rxe3 Qe7 33. Rf3 Rxf3 34. Qxf3 Rf8 35. Qf6+ Qxf6 36. exf6+ Kf7 37.
Rd1 g5 38. Rd7+ Kg6 39. Rg7+ Kh5 40. Rxa7 e5 41. f7 Kg6 42. f3 h5 43. h3 Kf5
44. Kf2 e4 45. fxe4+ Kxe4 46. Bg7 {
1-0 Sachs,T-Weissgerber,P/RL-op Kettig 1994/GER 09}) 3... Nf6 $16 (3... fxe4 $5
4. Qh5+ Kd7 5. Qg4+ Ke8 6. Qh5+ Kd7 7. Qg4+ e6 8. Qxe4 e5 $11) 4. exf5 Nc6 5.
Be2 Ne5 $18 (5... e5 6. fxe6 Bxe6 7. O-O $16) 6. d4 Nf7 7. g4 (7. O-O d5 $16)
7... e6 8. O-O $14 (8. fxe6 Bxe6 9. Ng2 d5 $16) 8... Qe7 $16 (8... exf5 $5 9.
Re1 Be7 10. Nxf5 Bxf5 11. gxf5 Qd7 $14) 9. Re1 e5 10. Nc3 $14 (10. Bc4 $5 $16)
10... Nxg4 11. Bxg4 Qxh4 12. dxe5 $11 (12. Nd5 $142 $5 Qd8 13. Bh5 $16) 12...
dxe5 (12... Nxe5 $2 13. f4 c6 14. fxe5 $18) 13. Ne4 $15 (13. Bf4 $142 $1 {
is interesting} Bd6 14. Bg3 $11) 13... h5 14. Bf3 Bxf5 15. Ng5 $17 (15. Qd3 c6
$15) 15... Nxg5 (15... Rd8 16. Qe2 Bd6 17. Nxf7 Kxf7 18. Be4 $17) 16. Rxe5+ Be7
17. Rxf5 Nxf3+ 18. Qxf3 O-O-O 19. Be3 Bd6 {
Both players are now in time trouble#} 20. Qg2 $2 $19 (20. h3 $142 {
would keep White alive} Qb4 21. b3 $15) 20... Kb8 $4 $14 {
letting the wind out of his own sails} (20... Bxh2+ $142 {
a shame that Black overlooked this excellent chance} 21. Kh1 Bf4+ 22. Kg1 Bxe3
23. fxe3 Rde8 $19) 21. Re1 $4 $19 {with this move White loses his initiative} (
21. Bg5 $142 {saving the game} Bxh2+ 22. Kh1 $16) 21... Rhf8 $15 (21... Bxh2+
$142 {secures the win} 22. Qxh2 Qg4+ 23. Qg3 Qxf5 $19) 22. Rxf8 {
With the decisive threat Qh3} Rxf8 {
Black terminates the opponent with strong threats} (22... Bxf8 $4 23. Bg5 Qb4
24. c3 Qxb2 25. Bxd8 $18) 23. Re2 $17 (23. c3 Bf4 $15) 23... Qc4 24. f3 (24.
Rd2 Qxa2 25. Qg6 Rd8 $17 (25... Qxb2 {is clearly worse} 26. Rxd6 Qb1+ 27. Kg2
$18)) 24... Qxa2 25. Qxg7 $4 {
terrible, but what else could White do to save the game?} (25. Qf2 $142 $19)
25... Rg8 $1 {the end, the rest is history} (25... Rxf3 26. Bf2 b6 27. Re8+ Kb7
28. Qg2 $17) 26. Bg5 b6 {Black threatens strongly Rxg7} (26... Rxg7 $4 {
too greedy} 27. Re8#) 27. Qf6 Qd5 28. h4 (28. Kf1 {
the last chance for counterplay} Rxg5 29. Qc3 $19) 28... Qd1+ 29. Kf2 Bc5+ (
29... Bc5+ 30. Re3 Qd2+ 31. Kg3 Qxe3 32. Qd8+ Rxd8 33. Bxe3 Bxe3 $19) 0-1

[Event "City of Adelaide"]
[Site "Adelaide"]
[Date "1998.07.29"]
[Round "2.5"]
[White "Nothdurft, John"]
[Black "Brown, Cyril D"]
[Result "1-0"]
[WhiteElo "1527"]
[BlackElo "1248"]
[Annotator "Fritz 5.00 - Anderson-Smith,W"]
[PlyCount "104"]
[EventDate "1998.07.22"]
[EventType "swiss"]
[EventRounds "9"]
[EventCountry "AUS"]

1. d4 Nf6 2. c4 e5 3. dxe5 Ne4 4. Nf3 {Budapest (Counter) Gambit} d6 5. g3 $146
(5. Qd5 Nc5 6. Bg5 Qd7 7. Nc3 Nc6 8. exd6 Bxd6 9. Nb5 Nb4 10. Nxd6+ cxd6 11.
Qd2 Qa4 12. Nd4 O-O 13. b3 Qa5 14. f3 Re8 15. e3 Ncd3+ 16. Bxd3 Nxd3+ 17. Ke2
Qxg5 18. Kxd3 Bd7 19. e4 Qg6 20. g4 Rac8 21. Qf4 d5 22. cxd5 Qa6+ 23. Ke3 Rc3+
24. Kf2 Qb6 25. Rhd1 Bb5 26. Kg3 Bd3 27. e5 Qg6 28. d6 h5 29. Rac1 Rxc1 30.
Rxc1 hxg4 31. Qxg4 Qxg4+ 32. Kxg4 Rd8 33. Rc7 {
1-0 Finegold,G-Rogers,C/Prague Bohemians-W 1990/TD 93\02}) (5. Nbd2 Nc5 6. exd6
Bxd6 7. b4 Ne6 8. c5 Qf6 9. Rb1 Be7 10. Bb2 Qh6 11. g3 a5 12. a3 Na6 13. Bc3
O-O 14. Bg2 Rd8 15. Qc2 c6 16. O-O Nec7 17. Nc4 axb4 18. axb4 Bg4 19. e4 Qh5
20. Nd4 Rxd4 21. Bxd4 Nb5 22. Ba1 Be2 23. Rfe1 Bxc4 24. Qxc4 Na3 25. Qc3 {
1-0 Blaho,S-Berg,B/Bratislava op 1993/EXT 93op2}) 5... Nc6 6. Bg2 Be6 $16 (6...
dxe5 7. Qxd8+ Kxd8 8. O-O $14) 7. exd6 $14 (7. Nd4 $5 Nxd4 8. Qxd4 $16 (8. Bxe4
$6 dxe5 9. e3 Nc6 $11)) 7... Bxd6 $16 (7... Nxd6 8. O-O $14) 8. Nbd2 Nf6 9. O-O
$14 (9. Ng5 Bf5 $16) 9... O-O $16 (9... Qd7 10. Ng5 $14) 10. a3 Rb8 11. Qc2 Bg4
12. b4 Be5 $18 (12... Re8 13. b5 Na5 14. Bb2 Rxe2 15. Rae1 Bxf3 16. Bxf3 Rxd2
17. Qxd2 Nxc4 18. Qc3 Nxb2 19. Qxb2 $14) 13. Nxe5 Nxe5 14. Re1 Bh5 15. Bb2 Bg6
16. Qc3 Re8 17. Rad1 Qe7 18. Nf3 Nxf3+ 19. Bxf3 c6 20. Rd2 Rbd8 21. Red1 Rxd2
22. Rxd2 Rd8 (22... Qe6 $5 $18) 23. Rxd8+ (23. Qe3 Re8 24. Qxe7 Rxe7 25. Bxf6
gxf6 $18) 23... Qxd8 24. e4 $16 (24. Qe3 a5 $18) 24... Ne8 25. h4 f6 26. e5 Qd3
$18 (26... fxe5 27. Qxe5 Qd7 28. c5 $16) 27. exf6 Qxc3 {The mate threat is Qxf3
} 28. Bxc3 Nxf6 29. Be2 Kf7 30. f3 Bc2 31. Kf2 Nd7 32. Ke3 g6 33. Kf4 h6 34. g4
Nb6 35. Ke5 Bb3 36. Kd4 Ke6 37. Bd2 h5 38. gxh5 gxh5 39. f4 Kf5 40. Bd3+ Kg4
41. f5 Kxh4 42. f6 Nd7 43. f7 b5 (43... Kg4 44. Be2+ Kf5 45. Bxh5 $18) 44. Bh6
(44. Bf5 $5 Bxc4 45. Bxd7 Bxf7 46. Bxc6 Bc4 $18) 44... Bxc4 45. Bxc4 bxc4 46.
f8=Q {Threatening mate: Qf4} Nxf8 47. Bxf8 Kg3 48. Kxc4 h4 49. Kc5 h3 50. Kxc6
h2 (50... Kf4 {the only chance to get some counterplay} 51. Bd6+ Kf5 $18) 51.
Bd6+ Kg2 52. Bxh2 $1 {the final blow} Kxh2 1-0

[Event "City of Adelaide"]
[Site "Adelaide"]
[Date "1998.07.29"]
[Round "2.7"]
[White "Stefan, Vladimir"]
[Black "Amini, Amir"]
[Result "0-1"]
[WhiteElo "1218"]
[BlackElo "1412"]
[Annotator "Fritz 5.00 - Anderson-Smith,W"]
[PlyCount "64"]
[EventDate "1998.07.22"]
[EventType "swiss"]
[EventRounds "9"]
[EventCountry "AUS"]

1. e4 c5 (1... e5 2. Nf3 $11) 2. Nf3 d6 {Secures e5} 3. d4 cxd4 4. Nxd4 Nf6 5.
Nc3 a6 {Prevents intrusion on b5. Sicilian Defence, Najdorf System} 6. Bg5 e6 {
Consolidates d5+f5} 7. f4 $11 (7. Bc4 Be7 $14) 7... Qb6 8. Qd2 (8. Nb3 Be7 $14)
8... Qxb2 {Traps the king in the center. Poison Pawn Variation.} 9. Rb1 (9. Nb3
Nbd7 (9... Qa3 10. Bxf6 gxf6 11. Be2 h5 12. O-O Nd7 13. Kh1 h4 14. h3 Be7 15.
Rad1 b6 16. Qe3 Bb7 17. f5 Rc8 18. fxe6 fxe6 19. Bg4 Qb2 20. Rd3 f5 21. Rb1
Qxb1+ 22. Nxb1 fxg4 23. hxg4 h3 24. Rc3 hxg2+ 25. Kxg2 Rg8 26. Rxc8+ Bxc8 27.
Kf1 Rxg4 28. N1d2 e5 29. Qc3 Bb7 30. Qc7 {
1/2-1/2 Short,N-Kasparov,G/Riga Tal 1995/TUR 95}) (9... Nc6 10. Bxf6 gxf6 11.
Na4 Qa3 12. Nb6 Rb8 13. Nc4 Qa4 14. a3 b5 15. Nxd6+ Bxd6 16. Qxd6 Qxe4+ 17. Be2
Qd5 18. Qxd5 exd5 19. O-O-O Ne7 20. Bf3 Be6 21. Rhe1 O-O 22. g4 f5 23. gxf5
Nxf5 24. Nc5 Ne7 25. f5 Nxf5 26. Bxd5 Bc8 27. Re5 Rb6 28. Rf1 Ng7 29. Re7 Ne6
30. Ne4 Nd8 31. Ng5 Rd6 32. Be4 Rh6 33. Rg1 Kh8 34. Nxh7 Nc6 35. Rc7 Rd8 36.
Ng5 Ne5 37. Rxf7 Re8 38. Rc7 Rxh2 39. Rc5 Rf2 40. Nf3 Ng4 {
1-0 Nunn,J-Stohl,I/BL9596 1996/BL 90}) 10. Bd3 b5 11. O-O Nc5 12. Nxc5 dxc5 13.
Bxf6 gxf6 14. Rab1 Qa3 15. Nxb5 {1-0 Beliavsky,A-Stean,M/Luzern olm 1982/BIG 80
}) 9... Qa3 10. f5 {White wins space} Nc6 11. fxe6 fxe6 {Covers d5+f5.} 12.
Nxc6 bxc6 {Controls b5.} 13. e5 $19 (13. Be2 $142 $5 $15 {
should be investigated more closely}) 13... Nd5 $17 (13... dxe5 $5 14. Bxf6
gxf6 $17) 14. Rb3 (14. Nxd5 cxd5 15. Bd3 (15. Be2 dxe5 16. O-O Qc5+ 17. Kh1 Ra7
18. c4 d4 19. Bh5+ g6 20. Bd1 Be7 21. Ba4+ Kd8 22. Bxe7+ Kxe7 23. Qh6 Kd8 24.
Qg5+ Kc7 25. Rfe1 Rb7 26. Rbc1 h6 27. Qg3 Kb8 28. Bc6 Rc7 29. Bf3 e4 30. Rxe4
Rd8 31. Re5 Qb4 32. a3 Qb2 33. Ree1 {
1-0 Markovic,M-Shalnev,N/Pula op 1990/TD 90\01}) 15... Qc5 16. Be3 Qc7 17. O-O
dxe5 18. Qf2 Bd6 19. Qh4 e4 20. Be2 Be5 21. Bb6 Qd6 22. c4 g6 23. Kh1 Bd7 24.
Ba5 Rb8 25. Qf2 Qe7 26. Rxb8+ Bxb8 27. Bb4 Qg7 28. cxd5 e3 29. Qf3 exd5 30.
Qxd5 Qe5 31. Qf7+ Kd8 32. Ba5+ Qxa5 33. Qf6+ Kc7 34. Rc1+ Kb7 35. Bf3+ Ka7 36.
Qd4+ {1-0 Bezgodov,A-Savon,V/Alushta op 1993/TD 93\07}) 14... Qa5 15. Nxd5
Qxd2+ 16. Kxd2 cxd5 17. Bf4 Kd7 18. Be2 Be7 19. Bg4 h5 (19... Rf8 20. g3 $15)
20. Bf3 dxe5 $11 (20... Rf8 21. exd6 Bxd6 22. Bxd6 Kxd6 23. Rhb1 $15) 21. Bxe5
Bf6 22. Bxf6 $15 (22. Re1 Bxe5 23. Rxe5 Kd6 $11) 22... gxf6 23. c4 dxc4 24. Rb4
Ra7 25. Kc3 Rc7 26. Rxc4 {Threatening mate... how?} Rxc4+ 27. Kxc4 Ke7 28. Rb1
e5 29. Bd5 Bd7 30. Rb6 a5 31. Bc6 $4 $19 {White falls apart} (31. Kd3 $142 $17)
31... Rc8 32. Kc5 (32. g3 {doesn't improve anything} Bxc6 33. Kd3 a4 $19) 32...
Rxc6+ (32... Rxc6+ 33. Rxc6 Bxc6 $19) (32... Bxc6 {keeps an even firmer grip}
33. Kc4 $19) 0-1

[Event "City of Adelaide"]
[Site "Adelaide"]
[Date "1998.07.29"]
[Round "2.8"]
[White "Koodrin, Zina"]
[Black "Errington, James"]
[Result "0-1"]
[WhiteElo "997"]
[BlackElo "1322"]
[Annotator "Fritz 5.00 - Anderson-Smith,W"]
[PlyCount "92"]
[EventDate "1998.07.22"]
[EventType "swiss"]
[EventRounds "9"]
[EventCountry "AUS"]

1. d4 f5 {Dutch Defence} 2. Nf3 Nf6 3. c4 g6 4. Bd2 $146 (4. b4 Bg7 5. Bb2 O-O
6. e3 d6 7. Be2 Ne4 8. Nbd2 c6 9. h4 h6 10. Qb3 Nxd2 11. Nxd2 Nd7 12. f4 Nf6
13. h5 gxh5 14. Bxh5 Nxh5 15. Rxh5 Qe8 16. Rh3 Qg6 17. Kf2 Kf7 18. Rah1 Rg8 19.
Rg3 Qh7 20. Qd1 Bd7 21. Qh5+ Kf8 22. Nf3 Be8 23. Qh3 a5 24. e4 e6 25. Re1 Bg6
26. b5 Re8 27. e5 d5 28. cxd5 exd5 29. Nh4 Bf7 30. Ba3+ Re7 31. Nxf5 Be6 32.
Bxe7+ Ke8 33. Nxg7+ Rxg7 34. Qxe6 Qc2+ 35. Re2 {
1-0 Hickl,T-Jahr,U/BL 8182 1982/BL 80}) (4. b3 Bg7 5. Bb2 d6 6. Nbd2 O-O 7. g3
e5 8. dxe5 Ng4 9. Qc2 Nxe5 10. Bg2 Nbc6 11. O-O Bd7 12. Rad1 Qe7 13. Nb1 Rae8
14. Nxe5 Bxe5 15. e3 Rd8 16. Rfe1 Qg7 17. Bc3 Rfe8 18. f4 Bf6 19. Bxf6 Qxf6 20.
Qc3 Qg7 21. Qxg7+ Kxg7 22. Nc3 Nb4 23. Bxb7 Nc2 24. Re2 Nxe3 25. Rde1 Nc2 26.
Rxe8 Rxe8 27. Rxe8 Bxe8 28. Bf3 c6 29. Kf2 Kf7 30. Bg2 Ke7 31. Ke2 Kd7 32. Kd2
Nd4 33. b4 Ke7 34. Kd3 Ne6 35. a3 a6 36. Bf3 Bd7 37. Bd1 Nd8 38. c5 a5 {
Averbakh,Y-Erenska Radzewska,H/Palma de Mallorca GMA 1989/TD 89\13/1/2-1/2 (64)
}) (4. e3 Bg7 5. Bd3 (5. Be2 d6 6. O-O O-O 7. Nc3 Qe8 8. Qc2 e5 9. dxe5 dxe5
10. c5 Qe7 11. Bc4+ Kh8 12. Ng5 h6 13. Nf7+ Rxf7 14. Bxf7 Qxf7 15. Rd1 Nc6 16.
a3 Be6 17. Qe2 e4 18. b4 Bc4 19. Qd2 Bb3 {
Lay,P-Kaenel,H/Dubai olm 1986/TD 86\02/0-1 (37)}) 5... O-O 6. O-O d6 7. Nc3 c6
8. Bd2 Nbd7 9. Qc2 e5 10. dxe5 dxe5 11. e4 fxe4 12. Bxe4 Qe8 13. Qc1 Nc5 14.
Bc2 e4 15. Re1 Bf5 16. Nd4 Qf7 17. Nxf5 gxf5 18. b3 Rad8 19. Bh6 Kh8 20. Bxg7+
Qxg7 21. Rd1 Ng4 22. b4 Ne6 23. Ne2 Rg8 24. Rxd8 Rxd8 25. Qe1 Rg8 26. Qc3 Nf6
27. Qg3 Ng4 28. Rb1 Nd4 29. Nxd4 Qxd4 30. h3 Ne5 31. Qe3 Qd8 32. Qc3 Qf6 33.
Kf1 Qg7 34. Qg3 Ng6 35. Rb3 Qa1+ 36. Bb1 Rd8 37. Ke2 Qd4 38. Qc3 Nf4+ {
Schlicht,H-Gegeny,C/Balatonbereny opB 1996/EXP 53/0-1 (50)}) 4... Bg7 5. e3 d6
{Prevents intrusion on e5} 6. Bd3 $15 (6. Be2 Nbd7 $11) 6... O-O $11 (6... e5
7. dxe5 dxe5 8. Bc2 $11) 7. Bc3 Qe8 8. O-O Nbd7 9. d5 {White gets more space}
c6 10. Bc2 Nb6 11. Bb3 a5 $14 (11... Nbd7 12. Ng5 Nc5 13. Bc2 $11) 12. Nbd2 $17
(12. dxc6 a4 13. c5+ axb3 14. Qxb3+ (14. cxb6 $143 bxa2 (14... Qxc6 $143 15.
Qxb3+ e6 16. Nbd2 $16) (14... bxc6 $2 {doesn't lead to anything significant}
15. b7 Bxb7 16. Qxb3+ Rf7 17. Qxb7 $18) 15. Na3 Qxc6 $15) 14... Qf7 15. Qxf7+
Rxf7 16. cxb6 bxc6 17. Ng5 $16) 12... a4 13. Bc2 cxd5 14. Bd3 e5 15. Be2 Be6
16. Ng5 $19 (16. Bb4 $142 $5 e4 17. Nd4 Nxc4 18. Nxc4 dxc4 19. Rc1 $17) 16...
dxc4 17. Nxe6 (17. Bf3 Nbd5 $19) 17... Qxe6 18. Nf3 Ne4 19. Bb4 Rfc8 20. Rc1 d5
(20... c3 21. Bxc3 Qxa2 22. Ra1 $19) 21. a3 Nd7 22. Nd2 Nxd2 23. Qxd2 b5 24.
Bc3 (24. Bf3 e4 25. Be2 Nc5 26. Bxc5 Rxc5 $19) 24... Nb6 (24... Nc5 25. Bf3 Nd3
26. Rcd1 $19) 25. f4 (25. Bf3 Rd8 $19) 25... Nd7 $4 $17 {
gives the opponent counterplay} (25... d4 $142 {and Black has prevailed} 26.
exd4 exd4 $19) 26. Bf3 $19 (26. Rfd1 $142 $5 Rc5 27. Bb4 $17) 26... e4 {
Black gets strong initiative} 27. Be2 Bxc3 28. Qxc3 Nc5 29. Qb4 (29. Rc2 Rcb8
$19) 29... Qb6 30. Rcd1 Nd3 31. Bxd3 (31. Qd2 {does not solve anything} d4 $19)
31... exd3 32. Rf3 Re8 33. Qd2 Re4 {Black prepares d4} 34. Re1 (34. Kh1 {
cannot change destiny} Rae8 $19) 34... Rae8 35. Kf2 (35. Rff1 d4 36. exd4 Re2
37. Rxe2 Rxe2 $19 (37... dxe2 $6 38. Re1 $19)) 35... d4 36. g3 dxe3+ 37. Rfxe3
Rxe3 {Do you see the mate threat?} 38. Rxe3 Qxe3+ 39. Qxe3 Rxe3 {
Threatening mate: Re4} 40. Kxe3 Kf7 41. Kd2 Kf6 42. Kc3 Ke6 43. Kd2 Kd5 44. Ke3
Kc5 45. Kd2 Kd4 46. h3 Ke4 (46... Ke4 47. Kc3 Kf3 $19) 0-1